书目信息 |
| 题名: |
英语考试必备单词全收录
|
|
| 作者: | 李维 , 强森 著 | |
| 分册: | 高级篇 | |
| 出版信息: | 南京 江苏凤凰科学技术出版社 2019.08 |
|
| 页数: | 489页 | |
| 开本: | 24cm | |
| 丛书名: | ||
| 单 册: | ||
| 中图分类: | H313.1 | |
| 科图分类: | ||
| 主题词: | 英语--ying yu--词汇--自学参考资料 | |
| 电子资源: | ||
| ISBN: | 978-7-5713-0419-5 | |
| 000 | 01203nam 2200289 450 | |
| 001 | 202020139230 | |
| 005 | 20200926181346.0 | |
| 010 | @a978-7-5713-0419-5@dCNY59.80 | |
| 100 | @a20200916d2019 em y0chiy50 ea | |
| 101 | 0 | @achi@aeng |
| 102 | @aCN@b110000 | |
| 105 | @ay z 000yy | |
| 106 | @ar | |
| 200 | 1 | @a英语考试必备单词全收录@Aying yu kao shi bi bei dan ci quan shou lu@i高级篇@f李维, 强森著 |
| 210 | @a南京@c江苏凤凰科学技术出版社@d2019.08 | |
| 215 | @a489页@d24cm | |
| 300 | @a易人外语 | |
| 306 | @a由捷径文化出版事业有限公司授权出版 | |
| 314 | @a李维, 英语名师, 具有多年英语教学经验。强森, 拥有超高人气的英语辅导教育名师。 | |
| 330 | @a本书符合不同水平的英语学习者, 能够帮助他们免除理解英文句子的困难, 进而有效地熟悉单词的用法 ; 而为了协助学习者理解不同词性的单词在句中的用法, 例句中的单词清楚标示出了词性 ; 此外为了帮助学习者培养全面使用单词的能力, 在介绍完单词之后, 作者精心设计了听力、口语、阅读、写作练习测验题。本书为高级篇。 | |
| 517 | 1 | @a高级篇@Agao ji pian |
| 606 | 0 | @a英语@Aying yu@x词汇@j自学参考资料 |
| 690 | @aH313.1@v5 | |
| 701 | 0 | @a李维@Ali wei@4著 |
| 701 | 0 | @a强森@Aqiang sen@4著 |
| 801 | 0 | @aCN@c20190828 |
| 905 | @a河南城建学院图书馆@dH313.1@eL283 | |
| 英语考试必备单词全收录.高级篇/李维, 强森著.-南京:江苏凤凰科学技术出版社,2019.08 |
| 489页;24cm |
| 易人外语 |
| ISBN 978-7-5713-0419-5:CNY59.80 |
| 本书符合不同水平的英语学习者, 能够帮助他们免除理解英文句子的困难, 进而有效地熟悉单词的用法 ; 而为了协助学习者理解不同词性的单词在句中的用法, 例句中的单词清楚标示出了词性 ; 此外为了帮助学习者培养全面使用单词的能力, 在介绍完单词之后, 作者精心设计了听力、口语、阅读、写作练习测验题。本书为高级篇。 |
| ● |
| 相关链接 |
|
|
|
正题名:英语考试必备单词全收录
索取号:H313.1/L283
 
预约/预借
| 序号 | 登录号 | 条形码 | 馆藏地/架位号 | 状态 | 备注 |
| 1 | 1488739 | 214887390 | 语言库209/209语言库 32排6列1层/ [索取号:H313.1/L283] | 在馆 | |
| 2 | 1488740 | 214887407 | 语言库209/209语言库 32排6列1层/ [索取号:H313.1/L283] | 在馆 | |
| 3 | 1488741 | 214887416 | 语言库209/209语言库 32排6列1层/ [索取号:H313.1/L283] | 在馆 |